Heartwood and tree exudates /

Bibliographic Details
Main Author: Hillis, W. E.
Format: Book
Language:English
Published: Berlin ; New York : Springer-Verlag, [1987]
Series:Springer series in wood science.
Subjects:

MARC

Tag First Indicator Second Indicator Subfields
LEADER 00000cam a2200000 a 4500
001 in00000009281
005 20151007051520.0
008 870310s1987 wb a b 00110 eng
010 |a  87004832  
020 |a 0387175938 (U.S.) 
035 |a (OCoLC)15417580 
035 |9 AAA3362AM 
040 |a DLC  |c DLC  |d TXA  |d UtOrBLW 
049 |a TXAM  |c [A12619480] 
050 0 0 |a QK647  |b .H55 1987 
082 0 |a 582.16/010425  |2 19 
100 1 |a Hillis, W. E. 
245 1 0 |a Heartwood and tree exudates /  |c W.E. Hillis. 
264 1 |a Berlin ;  |a New York :  |b Springer-Verlag,  |c [1987] 
264 4 |c ©1987 
300 |a xiii, 268 pages :  |b illustrations ;  |c 25 cm. 
336 |a text  |b txt  |2 rdacontent 
337 |a unmediated  |b n  |2 rdamedia 
338 |a volume  |b nc  |2 rdacarrier 
490 1 |a Springer series in wood science 
504 |a Bibliography: pages [209]-237. 
500 |a Includes index. 
650 0 |a Heartwood. 
650 0 |a Plant exudates. 
650 0 |a Forest products. 
830 0 |a Springer series in wood science. 
999 |a MARS 
999 f f |s 815ac77a-6526-36cd-9b9c-6f8c42d8e964  |i c9cb9675-58f2-33dd-8b04-e830ba9b48d5  |t 0 
952 f f |p ric  |a Texas A&M University  |b Rellis Campus  |c Joint Library Facility  |d Remote Storage  |t 0  |e QK647 .H55 1987  |h Library of Congress classification  |i unmediated -- volume  |m A14812619480 
998 f f |a QK647 .H55 1987  |t 0  |l Remote Storage